Word Ladder: 'Daya' Song Quiz Stats

Quiz Updated May 15, 2016

Challenge
Share
Tweet
Embed
Score 0/14 Timer 01:30
0 Plays Today
Hint 4-Letter Word % Correct
Best Picture winner: West ____ StorySIDE
99.5%
Agent 007BOND
98.9%
Invitation to use a chair: 'Have a ____'SEAT
98.6%
Sternum, tibia, or ulna, e.g.BONE
98.4%
To defeat in competitionBEAT
97.6%
Trig functionSINE
97.5%
To shape into a curve or angleBEND
97.4%
Hint 4-Letter Word % Correct
Small drop of sweatBEAD
97.3%
Of sound mindSANE
97.2%
To hit an insect with a newspaperSWAT
97.1%
Slowly move side to sideSWAY
96.5%
'The Dark Knight Rises' antagonistBANE
96.3%
🎶 Christmas carol: '____ in a Manger' 🎶 🎶 AWAY 🎶
92.9%
🎶 An animal pelt 🎶🎶 HIDE 🎶
88.6%

Today's Daily Dose

Missing Word
Law Misconceptions

Word Ladder
Easy Math

On This Day
January 20th

You're not logged in!

Compare scores with friends on all Sporcle quizzes.
Sign Up with Email
OR
Log In

You Might Also Like...

Show Comments

Extras

Top Quizzes Today


Score Distribution

Your Account Isn't Verified!

In order to create a playlist on Sporcle, you need to verify the email address you used during registration. Go to your Sporcle Settings to finish the process.